000 00718nam a22002057a 4500
999 _c17718
_d17718
008 190603b xxu||||| |||| 00| 0 eng d
020 _a3642025853
040 _aKABU
_cKABU
050 _aRA569
_b.G78 2010 c. 1
100 _aGrupen, Claus
245 _aIntroduction to radiation protection
_bpractical knowledge for handling radioactive sources
_cClaus Grupen, Ulrich Werthenbach and Tilo Stroh
260 _aNew York
_bSpringer
_c2010
300 _axiii, 417 p.
650 _aIonizing radiation
_xSafety measures
650 _aRadioactive substances
_xSafety measures
650 _aRadiation
_xDosage
_xSafety measures
700 _aWerthenbach, Ulrich
700 _aStroh, Tilo
942 _2lcc
_cBK
_hRA569